| 000 | 00559nam a2200217Ia 4500 | ||
|---|---|---|---|
| 008 | 160319s9999 xx 000 0 und d | ||
| 020 | _a9715690459 | ||
| 050 | _a959.9 | ||
| 050 | _bD332r 1992 | ||
| 100 | _ade la Costa, Horacio S.J | ||
| 245 | _aReadings in Philippine history / | ||
| 245 | _cHoracio de la Costa, SJ | ||
| 260 | _aMakati, Metro Manila : | ||
| 260 | _bBookmark, 1992 | ||
| 260 | _c1992 | ||
| 300 | _a270 p. : | ||
| 300 | _bill. ; | ||
| 300 | _c22 cm. | ||
| 500 | _aBibliography: 271-290. | ||
| 650 | _aPhilippine - History. | ||
| 999 |
_c292259 _d292259 |
||